Diplomatické a konzulárne právo

Salvato in:
Dettagli Bibliografici
Autore principale: Mráz, Stanislav
Ente Autore: Ekonomická univerzita v Bratislave. Fakulta medzinárodných vzťahov
Altri autori: Tóth, Ľudovít, Kopšo, Anton
Natura: Libro
Lingua:slovacco
Pubblicazione: Bratislava Vydavateľstvo EKONÓM 2009
Soggetti:
Tags: Aggiungi Tag
Nessun Tag, puoi essere il primo ad aggiungerne!!

MARC

LEADER 00000nam$a2200000$$$4500
001 0093706
005 20240502072038.0
020 |a 978-80-225-2688-3 
041 0 |a slo 
044 |a SK 
245 1 0 |a Diplomatické a konzulárne právo  |c Stanislav Mráz 
264 1 |a Bratislava  |b Vydavateľstvo EKONÓM  |c 2009 
300 |a 228 s. 
610 2 0 |a diplomacia 
610 2 0 |a právo 
610 2 0 |a kódexy 
610 2 0 |a dohody medzinárodné 
610 2 0 |a úpravy právne 
610 2 0 |a normy právne 
610 2 0 |a diplomati 
610 2 0 |a Viedenský dohovor 
100 1 |a Mráz, Stanislav 
700 1 |a Tóth, Ľudovít 
700 1 |a Kopšo, Anton 
710 2 |a Ekonomická univerzita v Bratislave. Fakulta medzinárodných vzťahov